000 00663nam a2200205 a 4500
005 20151123020303.0
008 140220b1995 ck ||||| |||| 00| 0 spa d
040 _aCO-BoIAVH
_cCO-BoIAVH
041 _aspa
044 _ack
090 _aLB
_b00241
110 _bColombia. Ministerio del Medio Ambiente
_942488
245 _aMinisterio del Medio Ambiente. Dirección General Forestal y de Vida Silvestre
_bagenda, metas, actividades, presupuestos apoyo logístico 1995
260 _aBogotá
_bMinambiente
_c1995
300 _a57 p.
650 _aGestión ambiental
_942489
650 _aAdministración ambiental
_9466
662 _aColombia
942 _cINFORME
_2z
999 _c261
_d261